Quotients of Coxeter complexes and P-partitions

Αποθηκεύτηκε σε:
Λεπτομέρειες βιβλιογραφικής εγγραφής
Κύριος συγγραφέας: Reiner, Victor 1965-
Μορφή: Βιβλίο
Γλώσσα:English
Δημοσίευση: Providence, RI : American Mathematical Society, 1992
Σειρά:Memoirs of the American Mathematical Society ; ; no. 460
Θέματα:
Ετικέτες: Προσθήκη ετικέτας
Δεν υπάρχουν, Καταχωρήστε ετικέτα πρώτοι!

MARC

LEADER 00000cam a2200000 i 4500
001 1/51553
008 941103s1992 eng d
020 |a 0821825259 
035 |l 10044171 
035 |a 1993 
040 |a GR-MY-UA  |b gre  |e aacr 
041 0 |a eng 
082 0 |a 516.35  |2 (20) 
100 1 |a Reiner, Victor  |d 1965- 
245 1 0 |a Quotients of Coxeter complexes and P-partitions /  |c Victor Reiner 
260 |a Providence, RI :   |b American Mathematical Society,   |c 1992 
300 |a v, 134 p.;  |b ill.;  |c 26 cm 
490 1 |a Memoirs of the American Mathematical Society  |v ; no. 460  |x 0065-9266 
504 |a Includes bibliographical references (p. 131-133) 
650 0 0 |a Coxeter complexes. 
650 0 0 |a Partitions (Mathematics) 
830 0 |a Memoirs of the American Mathematical Society ;  |v ; no. 460 
852 |a INST  |b SAMOS  |e 19941103  |h 516.35 REI  |p 005300002470  |q 005300002470  |t BK  |y 0 
909 |a Σ  |b 030166